000
00314nam a22001337a 4500
020
_a
817826318-1
082
_a
823
_b
ROH/D
100
_a
ROHAN BOOK COMPANY
245
_a
THE PIED PIPER OF HAMELIN
260
_a
DELHI
_b
ROHAN BOOK COMPANY
_c
2003
300
_a
208
650
_a
MODERN ILLUSTRATED CLASSICS
942
_c
BK
999
_c
340
_d
340